000 00926cam a22002897a 4500
003 CHAP
005 20220329135840.0
008 971013s1982 r 00010 d
010 _a43238
011 _a44210
035 _a48348
040 _cCHAP
090 _aFolleto 9031
100 0 0 _aRadtke, Klaus W. H.
_993714
245 1 2 _aA homeowner's guide to fire and watershed management at the Chaparral
_b: Urban interface
260 _aLos Angeles, Calif. :
_bForest Service,
_c1982
300 _a32 p.
_b: ilus.
590 _aBATCH-UPD
_b10
_c20130110
_lUCH01
_h0200
590 _aBATCH-UPD
_b10
_c20130110
_lUCH01
_h2053
590 _aBATCH-UPD
_b10
_c20130410
_lUCH01
_h1406
590 _aBATCH-UPD
_b10
_c20130914
_lUCH01
_h1630
590 _aCONVERSION
_b10
_c20130109
_lUCH01
_h1324
650 1 4 _aIncendios
_xPrevención.
_957524
901 _aBK
942 _cFOLL
949 _aFolleto 9031
_bBC
_cFOLL
_d-109575
_eTS1
_i48348
_si
999 _c43238
_d43238